[Event "CSR-ch"]
[Site "Trencianske Teplice"]
[Date "1979.??.??"]
[Round "15"]
[White "Rogulj, Branko"]
[Black "Hort, Vlastimil"]
[Result "1/2-1/2"]
[WhiteElo "2440"]
[BlackElo "2600"]
[PlyCount "21"]
[EventDate "1979.11.??"]
[Source "ChessBase"]

1. e4 e5 2. Nf3 Nf6 3. Nc3 Nc6 4. Bb5 Bb4 5. O-O O-O 6. d3 d6 7. Bg5 Bxc3 8. bxc3 Qe7 9. Bxc6 bxc6 10. c4 c5 11. h3 1/2-1/2

[Event "TCh-Rep. Srpska, Jahorina BIH"]
[Site "?"]
[Date "2001.??.??"]
[Round "6"]
[White "Markovic, Miros"]
[Black "Tosic, M."]
[Result "0-1"]
[WhiteElo "2535"]
[BlackElo "2495"]
[PlyCount "89"]
[EventDate "2001.??.??"]
[Source "www.chesslib.no"]
[SourceDate "2004.05.04"]

1. e4 e5 2. Nf3 Nc6 3. Bb5 Nf6 4. Nc3 Bb4 5. O-O O-O 6. d3 Re8 7. Nd5 Be7 8. Nxe7+ Qxe7 9. c3 d6 10. h3 Bd7 11. Re1 h6 12. Ba4 Qd8 13. Bb3 Be6 14. Bc2 Ne7 15. d4 Ng6 16. Be3 Bd7 17. Nd2 Bc6 18. d5 Bd7 19. c4 Nf4 20. Bxf4 exf4 21. Qf3 g5 22. Qd3 g4 23. hxg4 Bxg4 24. Nf3 Nd7 25. e5 Nf8 26. Nh2 Bh5 27. e6 Qf6 28. Qh3 Qg5 29. e7 Ng6 30. Bxg6 Qxg6 31. Qd7 Kh7 32. f3 Rac8 33. Re2 Qg5 34. Rae1 Bg6 35. Qa4 Bd3 36. Rd2 Bf5 37. Qxa7 b6 38. Rde2 Bd3 39. Rd2 Rxe7 40. Rxe7 Qxe7 41. Rxd3 Qe2 42. Qa3 Rg8 43. Ng4 Qe1+ 44. Kh2 Rg5 45. Nf6+ 0-1

[Event "Neckar op 6th"]
[Site "Deizisau"]
[Date "2002.03.31"]
[Round "7"]
[White "Kritz, Leonid"]
[Black "Fridman, Daniel"]
[Result "1/2-1/2"]
[WhiteElo "2453"]
[BlackElo "2571"]
[PlyCount "39"]
[EventDate "2002.03.28"]
[Source "ChessBase"]
[SourceDate "2002.05.03"]

1. e4 e5 2. Nf3 Nf6 3. Nc3 Nc6 4. Bb5 Bb4 5. O-O O-O 6. d3 d6 7. Bg5 Bxc3 8. bxc3 Qe7 9. Qe2 Nd8 10. Bc4 Ne6 11. Bd2 Nc5 12. Be3 Bd7 13. Bxc5 dxc5 14. d4 cxd4 15. cxd4 Bg4 16. dxe5 Nd7 17. h3 Bxf3 18. Qxf3 Nxe5 19. Qe2 Nxc4 20. Qxc4 1/2-1/2

[Event "CRO-chT"]
[Site "Pula"]
[Date "1999.09.12"]
[Round "4"]
[White "Mestrovic, Z."]
[Black "Pinter, J."]
[Result "1/2-1/2"]
[WhiteElo "2466"]
[BlackElo "2556"]
[PlyCount "79"]
[EventDate "1999.09.05"]
[Source "www.chesslib.no"]
[SourceDate "2004.05.04"]

1. Nc3 Nf6 2. e4 e5 3. Nf3 Nc6 4. Bb5 Bb4 5. O-O O-O 6. Bxc6 dxc6 7. Nxe5 Re8 8. Nd3 Bxc3 9. dxc3 Nxe4 10. Bf4 Nd6 11. Re1 Bf5 12. Rxe8+ Qxe8 13. Qe1 Qf8 14. Qe3 b6 15. Qf3 Bxd3 16. Qxd3 Qe7 17. Qf3 Re8 18. h3 Qe4 19. Qxe4 Rxe4 20. Bxd6 cxd6 21. Kf1 Kf8 22. Rd1 Ke7 23. Rd4 Re5 24. Rc4 Kd7 25. Rf4 f6 26. Rg4 g6 27. Rf4 f5 28. Rh4 Re7 29. f3 c5 30. Ra4 a5 31. Kf2 Kc6 32. c4 f4 33. Ra3 Re6 34. Rd3 b5 35. cxb5+ Kxb5 36. Rb3+ Kc6 37. Ra3 Kb5 38. Rb3+ Kc6 39. Ra3 Kb5 40. Rb3+ 1/2-1/2

[Event "SUI chT Riehen-Reichenstein"]
[Site "Svizzera"]
[Date "2007.03.25"]
[Round "2.3"]
[White "Ekstroem, Roland"]
[Black "Hort, Vlastimil"]
[Result "1-0"]
[WhiteElo "2490"]
[BlackElo "2523"]
[PlyCount "83"]
[EventDate "2007.02.25"]
[Source "www.chesslib.no"]
[SourceDate "2004.05.04"]

1. e4 e5 2. Nf3 Nf6 3. Nc3 Nc6 4. Bb5 Bb4 5. O-O O-O 6. d3 d6 7. Ne2 Ne7 8. c3 Ba5 9. Ng3 c6 10. Ba4 Ng6 11. d4 Re8 12. Bc2 h6 13. h3 Bc7 14. Re1 Be6 15. Be3 Qe7 16. Qe2 Qf8 17. Rad1 a5 18. dxe5 dxe5 19. Bb3 Nf4 20. Qc2 b5 21. a4 Bxb3 22. Qxb3 Rab8 23. axb5 cxb5 24. Qc2 a4 25. Nf5 g6 26. Bxf4 gxf5 27. Bc1 f4 28. g3 Qg7 29. Kh2 Qh7 30. Nh4 Kh8 31. Nf5 Rg8 32. Rg1 Rg5 33. f3 fxg3+ 34. Nxg3 Rg6 35. Be3 Bb6 36. Bxb6 Rxb6 37. Nf5 Ng8 38. Qf2 Rxg1 39. Qxg1 Qg6 40. Qc5 Qf6 41. h4 Kh7 42. Qf8 1-0

[Event "Interclubs Adultes"]
[Site "France"]
[Date "2004.04.02"]
[Round "5.6"]
[White "David, Alberto"]
[Black "Gozzoli, Yannick"]
[Result "0-1"]
[WhiteElo "2580"]
[BlackElo "2430"]
[PlyCount "66"]
[EventDate "2004.04.01"]
[Source "Roberto Alvarez"]
[SourceDate "2004.04.05"]

1. e4 e5 2. Nf3 Nc6 3. Bb5 Nf6 4. Nc3 Bb4 5. O-O O-O 6. d3 Bxc3 7. bxc3 d6 8. Bg5 Qe7 9. Re1 Nd8 10. d4 Ne6 11. Bc1 c5 12. Bf1 Rd8 13. g3 cxd4 14. cxd4 b6 15. c3 Bb7 16. Bd3 Rac8 17. Bb2 exd4 18. cxd4 d5 19. e5 Ne4 20. a3 f5 21. exf6 Qxf6 22. Re3 N6g5 23. Kg2 Rf8 24. Be2 Kh8 25. Qd3 Qf5 26. Rf1 Qh3+ 27. Kg1 Rc6 28. Nh4 Ne6 29. Qd1 Nf6 30. Re1 Ng5 31. Ng2 Nfe4 32. f3 Rh6 33. Nh4 Nxg3 0-1

[Event "Panormo zt"]
[Site "Panormo"]
[Date "1998.10.24"]
[Round "1"]
[White "Seitaj, Ilir"]
[Black "Giorgadze, Giorgi"]
[Result "1/2-1/2"]
[WhiteElo "2395"]
[BlackElo "2610"]
[PlyCount "116"]
[EventDate "1998.10.24"]
[Source "ChessBase"]
[SourceDate "1999.01.01"]

1. e4 e5 2. Nf3 Nc6 3. Bb5 Nf6 4. Nc3 Bb4 5. O-O O-O 6. Bxc6 dxc6 7. d3 Bg4 8. h3 Bh5 9. Bg5 h6 10. Bh4 g5 11. Bg3 Nd7 12. Bh2 Qf6 13. g4 Bg6 14. Qe2 Bxc3 15. bxc3 Rfe8 16. a4 b5 17. axb5 cxb5 18. Ra5 a6 19. Rfa1 Qc6 20. c4 f6 21. Nd2 Nc5 22. cxb5 axb5 23. Rxa8 Rxa8 24. Rxa8+ Qxa8 25. Kg2 Qc6 26. Bg3 Bf7 27. Nf1 Ne6 28. Ne3 Nd4 29. Qd2 Be6 30. f3 Qc5 31. Bf2 Qa3 32. c3 Nb3 33. Qc2 c5 34. Nd5 Kg7 35. Ne7 Bd7 36. Nd5 Na5 37. h4 Nc6 38. h5 Kf7 39. Kg3 Nd8 40. d4 cxd4 41. cxd4 Ne6 42. Nb6 exd4 43. Nxd7 d3 44. Qc6 d2 45. Qd5 Qc1 46. Nc5 d1=Q 47. Qxe6+ Kg7 48. Qe7+ Kg8 49. Qe8+ Kh7 50. Qf7+ Kh8 51. Qxf6+ Kg8 52. Qg6+ Kh8 53. Qxh6+ Kg8 54. Qe6+ Kh8 55. Qe5+ Kg8 56. Ne6 Qg1+ 57. Bxg1 Qxg1+ 58. Kh3 Qf1+ 1/2-1/2

[Event "Terrassa Open"]
[Site "Terrassa ESP"]
[Date "1995.??.??"]
[Round "8"]
[White "Comas Fabrego, Luis"]
[Black "Pavlovic, Milos"]
[Result "1/2-1/2"]
[WhiteElo "2490"]
[BlackElo "2505"]
[PlyCount "131"]
[EventDate "1995.07.??"]
[Source "www.chesslib.no"]
[SourceDate "2004.05.04"]

1. e4 e5 2. Nc3 Nf6 3. Nf3 Nc6 4. Bb5 Bb4 5. O-O O-O 6. d3 Bxc3 7. bxc3 d6 8. Re1 h6 9. h3 Bd7 10. Ba4 Ne7 11. Bxd7 Nxd7 12. d4 c5 13. Nh2 cxd4 14. cxd4 Nc6 15. c3 Re8 16. Rb1 b6 17. Nf1 Nf6 18. d5 Ne7 19. Ng3 Qd7 20. c4 Rec8 21. Qb3 Qc7 22. Qf3 Ne8 23. Rb3 Qd8 24. Rc3 Ng6 25. Bd2 Rc5 26. Nf5 Nh4 27. Nxh4 Qxh4 28. Rcc1 Rac8 29. Qd3 f5 30. Qf3 f4 31. Qe2 g5 32. Kh2 g4 33. Qxg4+ Qxg4 34. hxg4 Rxc4 35. Rxc4 Rxc4 36. Bc1 Nf6 37. f3 Nd7 38. Ba3 Nc5 39. Re2 Kf7 40. Kh3 b5 41. Bxc5 Rxc5 42. Rb2 a5 43. a3 Kf6 44. Kh2 Kg5 45. Kh3 h5 46. gxh5 Kxh5 47. Rb1 Kg5 48. Rb2 Rc8 49. Kh2 Rb8 50. g3 b4 51. axb4 axb4 52. Rb3 fxg3+ 53. Kxg3 Rb7 54. Kf2 Kf4 55. Ke2 Rb8 56. Kd2 Rb7 57. Ke2 Rb6 58. Kd2 Rb5 59. Kd3 Rb8 60. Ke2 Rh8 61. Rxb4 Rh2+ 62. Kd3 Kxf3 63. Rb6 Rh6 64. Rc6 Kf4 65. Ra6 Rh3+ 66. Kc4 1/2-1/2

[Event "Tan Chin Nam"]
[Site "Beijing"]
[Date "1998.06.09"]
[Round "2"]
[White "Tong Yuanming"]
[Black "Xie Jun"]
[Result "1/2-1/2"]
[WhiteElo "2505"]
[BlackElo "2485"]
[PlyCount "120"]
[EventDate "1998.06.08"]
[Source "ChessBase"]
[SourceDate "1998.09.30"]

1. e4 e5 2. Nc3 Nf6 3. Nf3 Nc6 4. Bb5 Bb4 5. O-O O-O 6. d3 Bxc3 7. bxc3 d6 8. Bg5 Qe7 9. Re1 Nd8 10. d4 Ne6 11. Bc1 Rd8 12. a4 Nf8 13. h3 Ng6 14. Nd2 h6 15. Nf1 Nh7 16. Ng3 Qf6 17. Be3 Ng5 18. Nh5 Qe7 19. Bd3 Ne6 20. Kh2 c5 21. Bf1 cxd4 22. cxd4 exd4 23. Bd2 Nc5 24. Bc1 Ne5 25. f4 Bg4 26. Be2 Bxh5 27. Bxh5 Nc6 28. Bf3 Rac8 29. Bb2 a5 30. Bg4 Rc7 31. Bxd4 Nxd4 32. Qxd4 Ne6 33. Qd2 Qf6 34. Bxe6 fxe6 35. Rac1 Rc4 36. Qxa5 Qxf4+ 37. Kh1 Rf8 38. Qb5 Rxe4 39. Qxb7 d5 40. Qa6 Rf6 41. a5 Rg6 42. Qf1 Qxf1+ 43. Rxf1 e5 44. Rfe1 Rxe1+ 45. Rxe1 e4 46. Ra1 Ra6 47. Kg1 Kf7 48. Kf2 d4 49. Ra4 Rc6 50. a6 Rxc2+ 51. Kg3 Rc8 52. Rxd4 Rc3+ 53. Kf4 Ra3 54. Rd7+ Kf6 55. Rd6+ Ke7 56. Rg6 Kf7 57. Rb6 e3 58. Kf3 h5 59. Rb7+ Kf6 60. Rb6+ Kf7 1/2-1/2

[Event "Bucuresti"]
[Site "?"]
[Date "1993.??.??"]
[Round "?"]
[White "Istratescu, A."]
[Black "Timoshenko, G."]
[Result "1-0"]
[WhiteElo "2470"]
[BlackElo "2515"]
[PlyCount "119"]
[EventDate "1993.??.??"]
[Source "ChessBase"]
[SourceDate "1993.02.01"]

1. e4 e5 2. Nc3 Nc6 3. Nf3 Nf6 4. Bb5 Bb4 5. O-O O-O 6. d3 d6 7. Bg5 Bxc3 8. bxc3 h6 9. Bh4 Qe7 10. Re1 Nb8 11. d4 c6 12. Bd3 Re8 13. h3 Nbd7 14. Qd2 Nf8 15. g4 Ng6 16. Bg3 Nh7 17. Kg2 Qf6 18. Qe3 Ng5 19. Nxg5 hxg5 20. Rh1 Nf4+ 21. Kf1 Be6 22. f3 Rad8 23. Kf2 d5 24. h4 exd4 25. cxd4 dxe4 26. Bxe4 Qxd4 27. Qxd4 Rxd4 28. hxg5 Ng6 29. Rhd1 Red8 30. Rxd4 Rxd4 31. a4 Rd7 32. a5 a6 33. Ra3 Ne7 34. Rd3 Rxd3 35. Bxd3 Kf8 36. Ke3 Ke8 37. Kd4 Kd7 38. c4 Nc8 39. Kc5 Ke7 40. Be5 g6 41. Bb8 Kd7 42. Kd4 Nd6 43. Bxd6 Kxd6 44. c5+ Ke7 45. Ke5 Bd5 46. f4 Bf3 47. f5 gxf5 48. gxf5 Bd5 49. f6+ Kd7 50. Bf5+ Kc7 51. g6 fxg6 52. Bxg6 Kd7 53. Bf5+ Ke8 54. Bc8 Bc4 55. Bxb7 Kd7 56. Kf5 Bd3+ 57. Kg5 Ke6 58. Bxa6 Bxa6 59. Kg6 Bc4 60. a6 1-0

[Event "SUI-chT"]
[Site "SUI"]
[Date "1996.??.??"]
[Round "1"]
[White "Campora, Daniel Hugo"]
[Black "Ekstroem, Roland"]
[Result "1-0"]
[WhiteElo "2545"]
[BlackElo "2430"]
[PlyCount "83"]
[EventDate "1996.??.??"]
[Source "ChessBase"]

1. e4 e5 2. Nf3 Nf6 3. Nc3 Nc6 4. Bb5 Bb4 5. O-O O-O 6. d3 d6 7. Ne2 Ne7 8. c3 Ba5 9. Nh4 c6 10. Ba4 d5 11. Ng3 dxe4 12. dxe4 Ng6 13. Bg5 Qxd1 14. Raxd1 Nxh4 15. Bxh4 Bg4 16. f3 Be6 17. Bb3 Rfd8 18. Bxf6 gxf6 19. Nh5 f5 20. Bxe6 fxe6 21. exf5 exf5 22. g4 Bb6+ 23. Kg2 fxg4 24. fxg4 Rxd1 25. Rxd1 Rf8 26. Rf1 Rd8 27. Nf6+ Kg7 28. Ne4 Rd3 29. Rf5 Rd1 30. Rxe5 Rb1 31. Re7+ Kg6 32. h4 h5 33. Re6+ Kg7 34. gxh5 Rxb2+ 35. Kh3 Bd8 36. h6+ Kh7 37. Ng5+ Bxg5 38. hxg5 Rxa2 39. Re7+ Kg6 40. Rg7+ Kf5 41. h7 Ra1 42. Kg2 1-0

[Event "Dortmund op-A"]
[Site "Dortmund GER"]
[Date "1993.??.??"]
[Round "7"]
[White "Smagin, Sergey B"]
[Black "Schwartzman, Gabriel"]
[Result "1/2-1/2"]
[WhiteElo "2520"]
[BlackElo "2455"]
[PlyCount "158"]
[EventDate "1993.04.??"]
[Source "www.chesslib.no"]
[SourceDate "2004.05.04"]

1. e4 e5 2. Nf3 Nf6 3. Nc3 Nc6 4. Bb5 Bb4 5. O-O O-O 6. d3 d6 7. Bg5 Bxc3 8. bxc3 Qe7 9. Re1 Nd8 10. d4 Ne6 11. Bh4 Nf4 12. Nd2 Kh8 13. Bg5 Ne6 14. Be3 Rd8 15. Qf3 c5 16. dxe5 dxe5 17. Nf1 Nc7 18. Bd3 Bd7 19. h3 Bb5 20. Bxb5 Nxb5 21. a4 Nc7 22. Ng3 Ne6 23. Nf5 Qf8 24. h4 Ne8 25. h5 f6 26. Rad1 N8c7 27. Rd3 Rxd3 28. cxd3 Rd8 29. Rd1 Rd7 30. Rd2 Qd8 31. Qd1 b6 32. d4 cxd4 33. cxd4 exd4 34. h6 d3 35. hxg7+ Nxg7 36. Nh6 Nce6 37. Qb1 Qa8 38. Qb5 Qe8 39. Ng4 Nd4 40. Bxd4 Rxd4 41. Nxf6 Qxb5 42. axb5 Ne6 43. f3 Nc5 44. Kf2 Ra4 45. Ke3 Ra5 46. Rb2 Kg7 47. Nd5 Kf7 48. Nc3 Ra3 49. Nb1 Ra1 50. g4 Ke6 51. g5 Kf7 52. f4 Kg6 53. Kf3 Ra4 54. Nd2 Ra1 55. Rb1 Ra2 56. Ke3 Ra4 57. Rh1 Ra5 58. Rh6+ Kg7 59. Rc6 Ra1 60. Rc7+ Kg8 61. Rc8+ Kg7 62. f5 Re1+ 63. Kd4 Re2 64. f6+ Kf7 65. Rc7+ Kf8 66. Rxh7 Rg2 67. Rxa7 Rxg5 68. Nf3 Ne6+ 69. Kxd3 Rxb5 70. Nd4 Re5 71. Nf3 Nc5+ 72. Kc2 Rh5 73. e5 b5 74. Kc3 Ne6 75. Kd3 b4 76. Re7 Nd8 77. Nd4 b3 78. Rd7 Rh3+ 79. Kd2 Ke8 1/2-1/2

[Event "GER Ch"]
[Site "Binz GER"]
[Date "1994.??.??"]
[Round "5"]
[White "Luther, Thomas"]
[Black "Enders, Peter"]
[Result "1/2-1/2"]
[WhiteElo "2515"]
[BlackElo "2450"]
[PlyCount "20"]
[EventDate "1994.11.??"]
[Source "www.chesslib.no"]
[SourceDate "2004.05.04"]

1. e4 e5 2. Nf3 Nc6 3. Bb5 Nf6 4. Nc3 Bb4 5. O-O O-O 6. d3 Bxc3 7. bxc3 d6 8. Bxc6 bxc6 9. h3 h6 10. c4 c5 1/2-1/2

[Event "Lewkowitz Memorial A"]
[Site "Lewkowitz Memorial A"]
[Date "1994.??.??"]
[Round "?"]
[White "Pizzuto, Samuele Tullio"]
[Black "Patrici, Norberto Eugenio"]
[Result "1/2-1/2"]
[WhiteElo "2455"]
[BlackElo "2510"]
[PlyCount "60"]
[EventDate "1994.??.??"]
[Source "www.chesslib.no"]
[SourceDate "2004.05.04"]

1. e4 e5 2. Nf3 Nf6 3. Nc3 Nc6 4. Bb5 Bb4 5. O-O O-O 6. d3 d6 7. Bg5 Bxc3 8. bxc3 Qe7 9. d4 Nd8 10. Re1 Ne6 11. Bc1 c5 12. a4 Rd8 13. Bc4 h6 14. h3 Rb8 15. Qd3 Nf8 16. Nh4 Be6 17. Bxe6 fxe6 18. dxe5 dxe5 19. Qc4 b6 20. Nf5 Qf7 21. Ng3 Rd6 22. f4 Ng6 23. fxe5 Nxe5 24. Qe2 Rf8 25. Bf4 Nfd7 26. Rf1 Qg6 27. Nh5 a5 28. g4 Rc6 29. Rad1 Qe8 30. Qb5 Qc8 1/2-1/2

[Event "Christmas Open, Zurich SUI"]
[Site "?"]
[Date "2000.??.??"]
[Round "5"]
[White "Varga, Zo"]
[Black "Vidoniak, R."]
[Result "1/2-1/2"]
[WhiteElo "2540"]
[BlackElo "2420"]
[PlyCount "45"]
[EventDate "2000.??.??"]
[Source "www.chesslib.no"]
[SourceDate "2004.05.04"]

1. e4 e5 2. Nf3 Nc6 3. Bb5 Nf6 4. Nc3 Bb4 5. d3 d6 6. O-O O-O 7. Bxc6 bxc6 8. Ne2 Re8 9. c3 Bc5 10. Ng3 d5 11. exd5 Qxd5 12. c4 Qd6 13. Be3 Bxe3 14. fxe3 Ng4 15. Re1 f5 16. Nf1 c5 17. Qb3 e4 18. dxe4 fxe4 19. N3d2 Nxh2 20. Nxe4 Rxe4 21. Rad1 Qc6 22. Rd8+ Re8 23. Rxe8+ 1/2-1/2

[Event "Nationale I Jeune, Clichy"]
[Site "Clichy"]
[Date "1998.??.??"]
[Round "?"]
[White "Poulet, Antoine"]
[Black "Mege_Rustici, Alexandre"]
[Result "1-0"]
[WhiteElo "2450"]
[BlackElo "2510"]
[PlyCount "69"]
[EventDate "1998.??.??"]
[Source "www.chesslib.no"]
[SourceDate "2004.05.04"]

1. e4 e5 2. Nf3 Nc6 3. Bb5 Nf6 4. Nc3 Bb4 5. d3 h6 6. Bd2 O-O 7. Nd5 Bxd2+ 8. Qxd2 d6 9. O-O-O Nd4 10. Nxd4 exd4 11. Nf4 c6 12. Bc4 b5 13. Bb3 Ng4 14. Rde1 a5 15. a3 b4 16. a4 Ne5 17. c4 c5 18. Nh5 Qg5 19. Ng3 Qxd2+ 20. Kxd2 Ng4 21. Ref1 Ne5 22. f4 Ng4 23. Bd1 Ne3 24. Rf2 Bg4 25. Bxg4 Nxg4 26. Rf3 Ne3 27. Rg1 b3 28. f5 Rab8 29. f6 gxf6 30. Rxf6 Kg7 31. Nh5+ Kh7 32. h3 Rb4 33. g4 Rxa4 34. g5 Rg8 35. Rxh6# 1-0

[Event "otb"]
[Site "otb"]
[Date "2007.05.06"]
[Round "4"]
[White "Bachin Vitaly"]
[Black "Gutov Andrey"]
[Result "1-0"]
[WhiteElo "2489"]
[BlackElo "2466"]
[PlyCount "127"]
[Source "www.chesslib.no"]
[SourceDate "2004.05.04"]

1. e4 e5 2. Nc3 Nf6 3. Nf3 Nc6 4. Bb5 Bb4 5. a3 Bxc3 6. dxc3 Nxe4 7. Qe2 Nd6 8. Bxc6 dxc6 9. Qxe5+ Qe7 10. Qxe7+ Kxe7 11. Bf4 Bg4 12. O-O-O Bxf3 13. gxf3 Rhd8 14. Rd3 a5 15. Rg1 Kf8 16. Rgd1 Ke7 17. b3 b5 18. Re1+ Kf8 19. c4 bxc4 20. bxc4 Nxc4 21. Rc3 Nd6 22. Rxc6 Ra7 23. Re5 f6 24. Rec5 Ne8 25. Be3 Raa8 26. a4 Ke7 27. Rh5 h6 28. Rcc5 Ke6 29. Rxa5 g5 30. Rxa8 Rxa8 31. Rxh6 Kf7 32. h4 Rxa4 33. hxg5 fxg5 34. Bxg5 Nd6 35. f4 Rc4 36. Rf6+ Kg7 37. Re6 Nf5 38. Kd1 Rxc2 39. Re5 Nd4 40. Rd5 Rc4 41. f5 Nf3 42. Be3 Kf6 43. Ke2 c6 44. Rd6+ Ke5 45. Rh6 Nd4+ 46. Kd3 Ra4 47. f4+ Kxf5 48. Bxd4 Kxf4 49. Rf6+ Kg5 50. Rxc6 Kf5 51. Rf6+ Kg5 52. Rf2 Kg6 53. Ke4 Rb4 54. Rf6+ Kg5 55. Rf7 Ra4 56. Rg7+ Kh6 57. Rg2 Kh7 58. Ke5 Ra5+ 59. Kf6 Ra6+ 60. Kf5 Ra5+ 61. Be5 Rb5 62. Rg7+ Kh6 63. Rg8 Rb7 64. Rg2 1-0

[Event "Elgoibar 11th"]
[Site "?"]
[Date "2001.12.16"]
[Round "3.4"]
[White "Vehi Bach Victor Manuel"]
[Black "Gomez Esteban Juan Mario"]
[Result "1/2-1/2"]
[WhiteElo "2453"]
[BlackElo "2499"]
[PlyCount "66"]
[EventDate "2001.??.??"]
[Source "www.chesslib.no"]
[SourceDate "2004.05.04"]

1. e4 e5 2. Nf3 Nf6 3. Nc3 Nc6 4. Bb5 Bb4 5. O-O O-O 6. d3 d6 7. Ne2 Ne7 8. c3 Ba5 9. Nh4 c6 10. Ba4 Bb6 11. Ng3 Bg4 12. Qe1 Nh5 13. Bd1 Nxg3 14. hxg3 Qd7 15. Be3 Bxd1 16. Rxd1 f5 17. f4 fxe4 18. dxe4 Qg4 19. Bxb6 axb6 20. Rxd6 exf4 21. Rxf4 Rxf4 22. gxf4 Qxf4 23. Rd7 Re8 24. Nf3 Nd5 25. Qh4 Qxh4 26. Nxh4 Rxe4 27. Nf5 Re2 28. Rxg7+ Kf8 29. Rxh7 Rxb2 30. c4 Nf4 31. Rxb7 Rxg2+ 32. Kf1 b5 33. cxb5 cxb5 1/2-1/2

[Event "Lewkowitz Memorial B"]
[Site "Lewkowitz Memorial B"]
[Date "1994.??.??"]
[Round "?"]
[White "Perlo, Gerardus C. van"]
[Black "DeMauro, Joseph A"]
[Result "1-0"]
[WhiteElo "2440"]
[BlackElo "2510"]
[PlyCount "109"]
[EventDate "1994.??.??"]
[Source "www.chesslib.no"]
[SourceDate "2004.05.04"]

1. Nc3 Nf6 2. e4 e5 3. Nf3 Nc6 4. Bb5 Bb4 5. O-O O-O 6. d3 Bxc3 7. bxc3 d6 8. Bg5 Bd7 9. Re1 h6 10. Bh4 Ne7 11. Rb1 c6 12. Bc4 b5 13. Bxf6 gxf6 14. Bb3 Ng6 15. c4 Kh7 16. d4 Qe7 17. cxb5 cxb5 18. c4 Rg8 19. cxb5 Nf4 20. g3 Bg4 21. Rc1 f5 22. dxe5 dxe5 23. Bd5 Rad8 24. Qb3 fxe4 25. Bxe4+ f5 26. Bb1 e4 27. Nh4 Rg7 28. f3 Bh3 29. Qb2 Rd7 30. Kh1 Qd8 31. fxe4 Rd2 32. Qb4 Rd4 33. Rc8 Rxb4 34. Rxd8 Ne6 35. Rd6 fxe4 36. Bxe4+ Kh8 37. Bf5 Rxh4 38. Rexe6 Bxf5 39. Re8+ Kh7 40. gxh4 Bd7 41. Rf8 Bxb5 42. Rff6 h5 43. Rh6+ Kg8 44. Rxh5 Bc4 45. Rd8+ Kf7 46. Rd7+ Kg8 47. Rg5 Rxg5 48. hxg5 Bxa2 49. Rxa7 Bd5+ 50. Kg1 Bf3 51. Kf2 Bh5 52. Ke3 Bd1 53. Kf4 Bh5 54. Kf5 Bf3 55. Kf6 1-0

[Event "EU-chT (Men)"]
[Site "Batumi"]
[Date "1999.12.03"]
[Round "5.1"]
[White "Mitkov, Nikola"]
[Black "Fernandes, Antonio"]
[Result "0-1"]
[WhiteElo "2509"]
[BlackElo "2438"]
[PlyCount "43"]
[EventDate "1999.11.06"]
[Source "ChessBase"]
[SourceDate "2000.02.01"]

1. e4 e5 2. Nc3 Nf6 3. Nf3 Nc6 4. Bb5 Bb4 5. O-O O-O 6. Bxc6 dxc6 7. d3 Qd6 8. Qe2 Nh5 9. Nd1 Bc5 10. Be3 Nf4 11. Qd2 Bxe3 12. fxe3 Ng6 13. Nc3 f6 14. Ne2 Be6 15. Ng3 Qd7 16. Rad1 Rad8 17. Qc3 b6 18. b4 Bg4 19. h3 Bxf3 20. Rxf3 Qe6 21. Nf5 Rf7 22. Rg3 0-1

[Event "SWZ-chT9697"]
[Site "SWZ"]
[Date "1997.??.??"]
[Round "?"]
[White "Godena, Michele"]
[Black "Toth, Bela"]
[Result "1-0"]
[WhiteElo "2545"]
[BlackElo "2395"]
[PlyCount "199"]
[EventDate "1997.??.??"]
[Source "www.chesslib.no"]
[SourceDate "2004.05.04"]

1. e4 e5 2. Nf3 Nf6 3. Nc3 Nc6 4. Bb5 Bb4 5. O-O O-O 6. d3 d6 7. Ne2 Ne7 8. c3 Ba5 9. Bg5 Ng6 10. Nh4 h6 11. Nxg6 fxg6 12. Bc4+ Kh8 13. Bc1 Bb6 14. Qe1 c6 15. Bb3 Bd7 16. Kh1 g5 17. Ng3 Qe7 18. Be3 Bxe3 19. Qxe3 g6 20. d4 Kg7 21. Rad1 b6 22. Rd2 Rad8 23. Kg1 Bc8 24. Rfd1 Ba6 25. Bc2 Bc4 26. Bb3 Bxb3 27. axb3 Rd7 28. dxe5 dxe5 29. Rxd7 Nxd7 30. Qd2 Nc5 31. b4 Ne6 32. Qd6 Qxd6 33. Rxd6 Kf6 34. Rxc6 Rd8 35. Nf1 Rd1 36. g3 Rb1 37. Kg2 Ke7 38. Nd2 Re1 39. Rc8 Re2 40. Nf3 Rxe4 41. Ra8 Re2 42. Rxa7+ Kf6 43. Rd7 Rxb2 44. Nd2 Nf8 45. Rd3 Rc2 46. Nc4 e4 47. Rd6+ Ke7 48. Rd4 Ne6 49. Rxe4 Rxc3 50. Nxb6 Kd6 51. Nc4+ Ke7 52. Ne5 h5 53. Nxg6+ Kd6 54. h4 Rb3 55. hxg5 Nxg5 56. Rd4+ Kc6 57. Ne5+ Kc7 58. Rh4 Ne6 59. Nf3 Ng7 60. Rf4 Kd6 61. Rd4+ Ke6 62. Re4+ Kf6 63. Rf4+ Kg6 64. Ne5+ Kg5 65. Rf7 Kh6 66. Rf6+ Kh7 67. Nc6 Ne8 68. Rf7+ Kg6 69. Ne5+ Kh6 70. Rf8 Ng7 71. Rb8 Nf5 72. Rh8+ Kg5 73. Rf8 Nd4 74. f4+ Kh6 75. Rh8+ Kg7 76. Rxh5 Rxb4 77. Kh3 Ne2 78. Kg4 Rb3 79. Rg5+ Kf6 80. Rg6+ Ke7 81. Nf3 Nc3 82. Nd4 Ra3 83. Rb6 Nd5 84. Nf5+ Kf7 85. Rb7+ Kf6 86. Rd7 Ra5 87. Rd6+ Kf7 88. Kg5 Ne3 89. Rf6+ Kg8 90. Kg6 Nxf5 91. Rxf5 Ra7 92. Rg5 Kf8 93. g4 Ra4 94. Rf5+ Kg8 95. g5 Ra7 96. Rb5 Rg7+ 97. Kf5 Rf7+ 98. Kg4 Ra7 99. f5 Ra1 100. Kh5 1-0

[Event "JUG-ch"]
[Site "Zagreb"]
[Date "1977.??.??"]
[Round "12"]
[White "Ivanovic, Bozidar"]
[Black "Knezevic, Milorad"]
[Result "1/2-1/2"]
[WhiteElo "2440"]
[BlackElo "2500"]
[PlyCount "37"]
[EventDate "1977.02.??"]
[Source "ChessBase"]

1. e4 e5 2. Nf3 Nc6 3. Bb5 Nf6 4. Nc3 Bb4 5. Nd5 Nxd5 6. exd5 e4 7. dxc6 dxc6 8. Be2 exf3 9. Bxf3 Qe7+ 10. Qe2 Qxe2+ 11. Kxe2 Be6 12. d3 O-O-O 13. Be3 Kb8 14. a3 Bd6 15. Bg5 f6 16. Be3 Bd5 17. Bxd5 cxd5 18. c4 dxc4 19. dxc4 1/2-1/2